[Event "21st ch-EUR Indiv w 2021"]
[Site "Iasi ROU"]
[Date "2021.08.20"]
[Round "11.8"]
[White "Peycheva, Gergana"]
[Black "Badelka, Olga"]
[Result "0-1"]
[WhiteTitle "FM"]
[BlackTitle "IM"]
[WhiteElo "2332"]
[BlackElo "2418"]
[WhiteFideId "2916711"]
[BlackFideId "13509926"]
[EventDate "2021.08.09"]

1. e4 c5 2. Nf3 d6 3. Bb5+ Bd7 4. Bxd7+ Nxd7 5. d4 cxd4 6. Qxd4 Ngf6 7. O-O g6
8. Bg5 Bg7 9. c3 O-O 10. Qe3 Qb6 11. Qxb6 Nxb6 12. Nbd2 Rac8 13. a4 Nbd7 14. Be3
a6 15. h3 d5 16. e5 Ne4 17. Nxe4 dxe4 18. e6 fxe6 19. Ng5 Rc6 20. Nxe4 Rf5 21.
Rfd1 Rd5 22. f3 Nf6 23. Nxf6+ Bxf6 24. Kf2 Kf7 25. g3 Rc4 26. Rxd5 exd5 27. f4
d4 28. cxd4 Bxd4 29. Bxd4 Rxd4 30. b3 Rd2+ 31. Ke3 Rb2 32. Ra3 b5 33. axb5 axb5
34. Ke4 b4 35. Ra4 Rxb3 36. g4 Rb1 37. Kd3 b3 38. Kc3 Rh1 39. Kxb3 Rxh3+ 40. Kc2
Rg3 41. g5 e5 42. Ra7+ Ke6 43. fxe5 Rh3 44. Kd2 Kxe5 45. Rf7 Ke4 46. Ke2 Rh4 47.
Kd2 Rh2+ 48. Ke1 Ke3 49. Kd1 Rh1+ 50. Kc2 Rh5 51. Kd1 Rxg5 52. Rxh7 Rg1+ 53. Kc2
g5 54. Re7+ Kf3 55. Rf7+ Kg3 56. Kd2 g4 57. Ke2 Kg2 58. Rf2+ Kh3 59. Rf8 g3 60.
Rh8+ Kg2 61. Rg8 Ra1 62. Rg7 Ra8 63. Re7 Rf8 64. Re6 Kg1 65. Rg6 g2 66. Re6 Rh8
67. Kf3 Kh2 0-1

[Event "21st ch-EUR Indiv w 2021"]
[Site "Iasi ROU"]
[Date "2021.08.20"]
[Round "11.9"]
[White "Daulyte-Cornette, Deimante"]
[Black "Socko, Monika"]
[Result "1-0"]
[WhiteTitle "IM"]
[BlackTitle "GM"]
[WhiteElo "2408"]
[BlackElo "2393"]
[WhiteFideId "12802859"]
[BlackFideId "1106619"]
[EventDate "2021.08.09"]

1. e4 c6 2. Nf3 d5 3. d3 g6 4. e5 c5 5. c3 Nc6 6. Bf4 Bg4 7. Nbd2 Bh6 8. Bxh6
Nxh6 9. Qa4 O-O 10. Be2 f6 11. exf6 exf6 12. Qf4 g5 13. Qa4 Re8 14. Kf1 Qd6 15.
h4 Bxf3 16. Bxf3 Ne5 17. hxg5 fxg5 18. Rh5 Nhf7 19. Be2 Qg6 20. Rh3 g4 21. Re3
Qh6 22. Kg1 d4 23. cxd4 Nf3+ 24. Bxf3 Rxe3 25. Bxb7 Rd8 26. dxc5 Rexd3 27. Qxg4+
Kh8 28. Nf1 Ne5 29. Qf5 Qg7 30. Re1 Ng6 31. Bf3 R3d4 32. Qg5 Rf8 33. Ng3 h6 34.
Qe3 Nh4 35. Be4 Re8 36. Qf4 Ng6 37. Qg4 Qf6 38. Re3 Nf4 39. c6 Qd6 40. Qf5 Kg7
41. Qh7+ Kf8 42. Qh8+ Kf7 43. Bg6+ Qxg6 44. Qxe8+ Kg7 45. Qe5+ 1-0

[Event "21st ch-EUR Indiv w 2021"]
[Site "Iasi ROU"]
[Date "2021.08.20"]
[Round "11.10"]
[White "Unuk, Laura"]
[Black "Sargsyan, Anna M."]
[Result "0-1"]
[WhiteTitle "IM"]
[BlackTitle "WGM"]
[WhiteElo "2407"]
[BlackElo "2388"]
[WhiteFideId "14609215"]
[BlackFideId "13308130"]
[EventDate "2021.08.09"]

1. d4 d5 2. c4 c6 3. Nc3 Nf6 4. e3 e6 5. Nf3 Nbd7 6. Bd3 dxc4 7. Bxc4 b5 8. Be2
Bb7 9. O-O a6 10. a4 b4 11. Nb1 c5 12. Nbd2 Be7 13. a5 O-O 14. Nc4 Rc8 15. Bd3
Qc7 16. Qe2 Rfd8 17. Rd1 Ne4 18. Bd2 Nxd2 19. Rxd2 cxd4 20. exd4 Qf4 21. Qe3
Qxe3 22. fxe3 Nf6 23. Rdd1 Rc7 24. Kf1 Be4 25. Be2 b3 26. Ncd2 Bc2 27. Rdc1 Ng4
28. Nxb3 Nxe3+ 29. Kf2 Ng4+ 30. Kg1 Bd6 31. Nc5 Bf5 32. h3 Ne3 33. Bxa6 Nc2 34.
Ra4 Bf4 35. Rf1 Nxd4 36. Nxd4 Be3+ 37. Kh1 Bxd4 38. Rd1 e5 39. Nd3 Ba7 40. Raa1 0-1

[Event "21st ch-EUR Indiv w 2021"]
[Site "Iasi ROU"]
[Date "2021.08.20"]
[Round "11.11"]
[White "Batsiashvili, Nino"]
[Black "Antova, Gabriela"]
[Result "1-0"]
[WhiteTitle "GM"]
[BlackTitle "FM"]
[WhiteElo "2487"]
[BlackElo "2292"]
[WhiteFideId "13602993"]
[BlackFideId "2915235"]
[EventDate "2021.08.09"]

1. Nf3 d5 2. c4 e6 3. g3 dxc4 4. Qa4+ Nd7 5. Qxc4 a6 6. e4 b5 7. Qe2 c5 8. Bg2
Bb7 9. O-O Ngf6 10. d3 Be7 11. Bf4 O-O 12. Nbd2 Qb6 13. Rac1 Rac8 14. h3 Rfe8
15. Rfd1 Bf8 16. Be3 Qa7 17. a4 Qb8 18. axb5 axb5 19. Bf4 e5 20. Be3 Bd6 21. Nh4
Nf8 22. Bg5 N6d7 23. Nf5 Ne6 24. Qg4 Kh8 25. Nf3 Bf8 26. h4 f6 27. Bd2 c4 28.
dxc4 Rxc4 29. Rxc4 bxc4 30. h5 Ndc5 31. N3h4 Bc8 32. Ng6+ Kg8 33. h6 hxg6 34.
Qxg6 Rd8 35. hxg7 Bxg7 36. Nh6+ Kh8 37. Nf7+ Kg8 38. Nxd8 Qd6 39. Qf7+ Kh7 40.
Nxe6 Qxe6 41. Qh5+ Kg8 42. Bh6 Nd3 43. Qg6 Qg4 44. Qxg7+ Qxg7 45. Bxg7 Kxg7 46.
Rd2 Be6 47. Bf1 Nc5 48. f3 Nb3 49. Rc2 Nd4 50. Rc3 Nb5 51. Rc1 Nd6 52. Kf2 Kf7
53. Ra1 Ke7 54. Ke3 Bd7 55. Ra7 Kd8 56. f4 Bc6 57. fxe5 fxe5 58. g4 1-0

[Event "21st ch-EUR Indiv w 2021"]
[Site "Iasi ROU"]
[Date "2021.08.20"]
[Round "11.12"]
[White "Bodnaruk, Anastasia"]
[Black "Zherebtsova, Alexandra"]
[Result "0-1"]
[WhiteTitle "IM"]
[BlackTitle "WFM"]
[WhiteElo "2449"]
[BlackElo "2188"]
[WhiteFideId "4181751"]
[BlackFideId "24129518"]
[EventDate "2021.08.09"]

1. e4 c5 2. Nf3 Nc6 3. d4 cxd4 4. Nxd4 Nf6 5. Nc3 e5 6. Ndb5 d6 7. Nd5 Nxd5 8.
exd5 Nb8 9. c4 Be7 10. Bd3 O-O 11. O-O a6 12. Nc3 f5 13. Rb1 Nd7 14. f3 b6 15.
b4 Bg5 16. Bc2 Bxc1 17. Rxc1 Qh4 18. Ba4 b5 19. cxb5 Qxb4 20. bxa6 Nc5 21. Bc6
Bxa6 22. Bxa8 Bxf1 23. Bc6 Ba6 24. g3 Nd3 25. Rc2 e4 26. f4 Qd4+ 27. Kg2 g5 28.
fxg5 f4 29. gxf4 Rxf4 30. Qb1 Bc8 31. Ne2 Qf2+ 32. Kh1 Qf3+ 33. Kg1 Qf2+ 34. Kh1
Rh4 35. Qg1 Qf3+ 36. Qg2 Qxg2+ 37. Kxg2 Ne1+ 38. Kg3 Rg4+ 39. Kf2 Nxc2 0-1

[Event "21st ch-EUR Indiv w 2021"]
[Site "Iasi ROU"]
[Date "2021.08.20"]
[Round "11.13"]
[White "Radeva, Viktoria"]
[Black "Girya, Olga"]
[Result "1/2-1/2"]
[WhiteTitle "WGM"]
[BlackTitle "WGM"]
[WhiteElo "2372"]
[BlackElo "2425"]
[WhiteFideId "2915405"]
[BlackFideId "4195752"]
[EventDate "2021.08.09"]

1. e4 e5 2. Nf3 Nc6 3. Bc4 Bc5 4. d3 Nf6 5. O-O d6 6. c3 h6 7. Nbd2 O-O 8. h3 a5
9. Re1 a4 10. Bb5 Bd7 11. Nf1 Ne7 12. Bxd7 Nxd7 13. d4 Bb6 14. Ng3 f5 15. exf5
Nxf5 16. Nxf5 Rxf5 17. Be3 e4 18. Nd2 d5 19. Qg4 Qf6 20. Bxh6 Rf8 21. Be3 c5 22.
Rad1 cxd4 23. cxd4 Nb8 24. Kh1 Ba5 25. Re2 Bxd2 26. Rexd2 Nc6 27. Rc2 Nb4 28.
Rc7 Nd3 29. Rd2 Rf7 30. Rxf7 Qxf7 31. Kg1 Rf6 32. Rc2 Rc6 33. Rxc6 bxc6 34. Qc8+
Kh7 35. Qxc6 Nxb2 36. a3 Qh5 37. Kh2 Qf7 38. Qb5 Nc4 39. Qc5 Qf5 40. Kg1 Qf7 41.
Qb4 Qc7 42. Bg5 1/2-1/2

[Event "21st ch-EUR Indiv w 2021"]
[Site "Iasi ROU"]
[Date "2021.08.20"]
[Round "11.14"]
[White "Maltsevskaya, Aleksandra"]
[Black "Balajayeva, Khanim"]
[Result "1/2-1/2"]
[WhiteTitle "WGM"]
[BlackTitle "WGM"]
[WhiteElo "2409"]
[BlackElo "2376"]
[WhiteFideId "24174041"]
[BlackFideId "13406396"]
[EventDate "2021.08.09"]

1. e4 e5 2. Nf3 Nc6 3. Bb5 a6 4. Ba4 Nf6 5. O-O Be7 6. Re1 b5 7. Bb3 d6 8. c3
O-O 9. h3 Bb7 10. d4 Re8 11. a3 h6 12. Bc2 Bf8 13. Nbd2 Nb8 14. b4 Nbd7 15. dxe5
dxe5 16. Nb3 Rc8 17. Na5 Ba8 18. Nh4 c5 19. Nf5 cxb4 20. cxb4 Qc7 21. Bd3 Rcd8
22. Bb2 Nc5 23. bxc5 Qxa5 24. Qc2 Rc8 25. Qe2 Rxc5 26. Rad1 g6 27. Ne3 Bg7 28.
Qf3 Rd8 29. Bb1 Rd2 30. Bc1 Rxd1 31. Rxd1 Qc7 32. Bb2 Bb7 33. Kh2 a5 34. Kg1 Qc8
35. Rd2 Qa8 36. Qd1 Rc8 37. Bxe5 Nxe4 38. Bxg7 Nxd2 39. Qxd2 Kxg7 40. Ng4 Qa6
41. Qd4+ Kf8 42. Qh8+ Ke7 43. Qxh6 Qc6 44. Qh4+ Ke8 45. Qh8+ Kd7 46. Ne5+ Kc7
47. Qxc8+ Bxc8 48. Nxc6 Kxc6 49. Kf1 Kc5 50. Ke2 b4 51. axb4+ Kxb4 52. Kd2 Kb3
53. Bc2+ Kb4 54. Bb1 Be6 55. Kc2 Bf5+ 56. Kb2 Bxb1 57. Kxb1 Kc3 58. h4 f5 59. g3
Kd4 60. f3 1/2-1/2

[Event "21st ch-EUR Indiv w 2021"]
[Site "Iasi ROU"]
[Date "2021.08.20"]
[Round "11.15"]
[White "Zawadzka, Jolanta"]
[Black "Zimina, Olga"]
[Result "1/2-1/2"]
[WhiteTitle "WGM"]
[BlackTitle "IM"]
[WhiteElo "2403"]
[BlackElo "2345"]
[WhiteFideId "1122320"]
[BlackFideId "4132190"]
[EventDate "2021.08.09"]

1. e4 c6 2. d4 d5 3. Nd2 dxe4 4. Nxe4 Bf5 5. Qf3 e6 6. Ne2 Bg6 7. c3 Qd5 8. N2g3
Nd7 9. h4 Ngf6 10. Nxf6+ Nxf6 11. Qxd5 exd5 12. h5 Bc2 13. Kd2 Ba4 14. b3 Bb5
15. Bxb5 cxb5 16. Kd3 a5 17. Bg5 Ra6 18. f3 Kd7 19. Rae1 Re6 20. h6 Ne8 21. hxg7
Nxg7 22. Be3 Rg6 23. Nh5 Rxg2 24. Nf4 Rg5 25. a4 bxa4 26. bxa4 Rf5 27. Rb1 Bd6
28. Rxb7+ Kc8 29. Ra7 Re8 30. Rxh7 Kb8 31. Rd7 Bxf4 32. Bxf4+ Rxf4 33. Rxg7
Rxf3+ 34. Kd2 Rf2+ 35. Kd1 Rh8 36. Rg1 Ra2 37. Ke1 Ka8 38. Rxd5 Rhh2 39. Rxa5+
Kb7 40. Rb5+ Kc6 41. Rb1 Kd5 42. Rg5+ Kc4 43. Kf1 Rh1+ 44. Rg1 Rhh2 45. Rg3 Rh1+
46. Rg1 Rhh2 47. Rg3 1/2-1/2

[Event "21st ch-EUR Indiv w 2021"]
[Site "Iasi ROU"]
[Date "2021.08.20"]
[Round "11.16"]
[White "Tsolakidou, Stavroula"]
[Black "Sliwicka, Alicja"]
[Result "1/2-1/2"]
[WhiteTitle "IM"]
[BlackTitle "WIM"]
[WhiteElo "2389"]
[BlackElo "2306"]
[WhiteFideId "4264312"]
[BlackFideId "1150677"]
[EventDate "2021.08.09"]

1. Nf3 Nf6 2. c4 g6 3. Nc3 d5 4. cxd5 Nxd5 5. h4 Bg7 6. e4 Nxc3 7. dxc3 Qxd1+ 8.
Kxd1 Nd7 9. h5 gxh5 10. Rxh5 Nf6 11. Rh4 Bd7 12. Bc4 Ng4 13. Ke2 h5 14. Bf4 Bf6
15. Rh3 Bc6 16. Rah1 Bxe4 17. Rxh5 Rxh5 18. Rxh5 Bg6 19. Ra5 c6 20. Bc7 b5 21.
Bb3 Kd7 22. Bb6 a6 23. a4 e6 24. axb5 cxb5 25. Bd4 Be7 26. c4 Bb4 27. Ra1 Rc8
28. Rxa6 bxc4 29. Ba4+ Ke7 30. Ne5 Nxe5 31. Bxe5 Bd3+ 32. Kf3 c3 33. Ra7+ Kf8
34. bxc3 Bxc3 35. Rc7 Rxc7 36. Bxc7 1/2-1/2

[Event "21st ch-EUR Indiv w 2021"]
[Site "Iasi ROU"]
[Date "2021.08.20"]
[Round "11.17"]
[White "Cosma, Elena-Luminita"]
[Black "Mkrtchian, Lilit"]
[Result "1/2-1/2"]
[WhiteTitle "WGM"]
[BlackTitle "IM"]
[WhiteElo "2311"]
[BlackElo "2388"]
[WhiteFideId "1201590"]
[BlackFideId "13300601"]
[EventDate "2021.08.09"]

1. d4 d6 2. e4 g6 3. Nc3 Bg7 4. Be3 a6 5. a4 e6 6. f4 Ne7 7. Nf3 b6 8. Bd3 Nbc6
9. Na2 f5 10. e5 Nd5 11. Bd2 dxe5 12. dxe5 Qe7 13. c3 Bb7 14. Qe2 Bh6 15. g3 Qd7
16. Nc1 Nd8 17. c4 Ne7 18. b4 Ndc6 19. Nb3 a5 20. b5 Nb4 21. Bxb4 axb4 22. O-O
O-O 23. Rfd1 Qc8 24. a5 bxa5 25. Nxa5 Rd8 26. Qe3 Qb8 27. Nd4 Kf7 28. Ndb3 Bf8
29. h4 Ra7 30. Nxb7 Rxb7 31. Be2 Rxd1+ 32. Bxd1 Nc8 33. Bf3 Ra7 34. Ra6 Rxa6 35.
bxa6 c5 36. Bb7 Qc7 37. Qd3 Na7 38. Kf2 h5 39. Ke2 Be7 40. Kd1 Ke8 41. Ke1 Qd7
42. Qxd7+ 1/2-1/2

[Event "21st ch-EUR Indiv w 2021"]
[Site "Iasi ROU"]
[Date "2021.08.20"]
[Round "11.18"]
[White "Brunello, Marina"]
[Black "Mkrtchyan, Mariam"]
[Result "1/2-1/2"]
[WhiteTitle "IM"]
[BlackTitle "WFM"]
[WhiteElo "2379"]
[BlackElo "2093"]
[WhiteFideId "822590"]
[BlackFideId "13310828"]
[EventDate "2021.08.09"]

1. e4 c6 2. Nc3 d5 3. Nf3 dxe4 4. Nxe4 Nf6 5. Qe2 Nxe4 6. Qxe4 Qa5 7. c3 Bf5 8.
Qf4 e6 9. d4 Be7 10. Be2 Nd7 11. O-O O-O 12. a4 Bg6 13. b4 Qd5 14. Rd1 Bf6 15.
Qg3 Qb3 16. Bd2 e5 17. dxe5 Nxe5 18. Nxe5 Bxe5 19. Qxe5 Rae8 20. Qd4 Rxe2 21.
Be3 a6 22. a5 h6 23. Qg4 Rb2 24. Bd4 Rd8 25. Re1 Qc2 26. h4 h5 27. Qg3 Qf5 28.
Re7 Qg4 29. Qxg4 hxg4 30. Kh2 Rb3 31. Rae1 c5 32. Bxc5 Rxc3 33. R1e3 Rxe3 34.
Bxe3 Rb8 35. Kg3 Bf5 36. Bf4 Kf8 37. Re5 Bg6 38. h5 Bh7 39. Kxg4 Re8 40. Rc5 Be4
41. f3 Bc6 42. Bd6+ Kg8 43. Rc3 Re2 44. g3 Kh7 45. Bc5 Rh2 46. Rd3 f6 47. Be3
Be8 48. Rd5 Bf7 49. Rc5 Rb2 50. Kh3 Be6+ 51. g4 Rb3 52. Bc1 Rxf3+ 53. Kg2 Bxg4
54. Bd2 Rd3 55. Bf4 Rb3 56. Bd2 Rb2 57. Rd5 Be6 58. Rd6 Bf7 59. h6 gxh6 60. Kg1
Be8 61. Be3 Re2 62. Bd2 h5 63. Bc3 f5 64. Rf6 Bg6 65. Kf1 Re3 66. Bd2 Re4 67.
Kf2 h4 68. Rb6 Re7 69. Bg5 Rd7 70. Bxh4 Kh6 71. Bf6 Bh5 72. Bh4+ Kg7 73. Bg3 Bf7
74. Be5+ Kh7 75. Ke3 Bd5 76. Rd6 Rxd6 77. Bxd6 Be4 78. Kf4 1/2-1/2

[Event "21st ch-EUR Indiv w 2021"]
[Site "Iasi ROU"]
[Date "2021.08.20"]
[Round "11.19"]
[White "Beydullayeva, Govhar"]
[Black "Salimova, Nurgyul"]
[Result "0-1"]
[WhiteTitle "WIM"]
[BlackTitle "IM"]
[WhiteElo "2282"]
[BlackElo "2382"]
[WhiteFideId "13413015"]
[BlackFideId "2915138"]
[EventDate "2021.08.09"]

1. c4 e6 2. Nc3 d5 3. d4 Nf6 4. cxd5 exd5 5. Bg5 Be7 6. e3 c6 7. Qc2 g6 8. Bd3
Na6 9. a3 Nc7 10. Nge2 Ne6 11. Bh4 O-O 12. O-O Re8 13. Rad1 Ng7 14. f3 Bf5 15.
Bf2 Bxd3 16. Rxd3 Qd7 17. Kh1 Bd6 18. Bh4 Qf5 19. Bxf6 Qxf6 20. Qd1 Qh4 21. g3
Qe7 22. e4 Rad8 23. e5 Bc7 24. f4 f5 25. Na4 a5 26. Qc2 h6 27. Ng1 Bb8 28. Nf3
Ba7 29. Rc1 g5 30. Qd2 Ne6 31. b4 axb4 32. axb4 Kh7 33. fxg5 hxg5 34. Nc5 Bxc5
35. bxc5 Kg6 36. Rb3 Rh8 37. Rcb1 Rd7 38. Qd3 g4 39. Nh4+ Rxh4 40. gxh4 Qxh4 41.
Rf1 Qg5 42. Rb2 Rh7 43. Rbf2 Ng7 44. e6 Rh3 45. Qe2 Re3 46. Qb2 Rxe6 47. Qxb7
Qe3 48. Rf4 Qh3 49. Qb2 Nh5 50. Qb8 g3 51. Qg8+ Ng7 0-1

[Event "21st ch-EUR Indiv w 2021"]
[Site "Iasi ROU"]
[Date "2021.08.20"]
[Round "11.20"]
[White "Bulmaga, Irina"]
[Black "Schulze, Lara"]
[Result "1-0"]
[WhiteTitle "IM"]
[BlackTitle "FM"]
[WhiteElo "2413"]
[BlackElo "2269"]
[WhiteFideId "13903063"]
[BlackFideId "12956830"]
[EventDate "2021.08.09"]

1. e4 e5 2. Nf3 Nc6 3. Bb5 a6 4. Ba4 Nf6 5. d4 exd4 6. O-O Be7 7. e5 Ne4 8. Nxd4
Nxd4 9. Qxd4 Nc5 10. Nc3 O-O 11. Bb3 Nxb3 12. cxb3 d6 13. Bf4 dxe5 14. Qxe5 Bd6
15. Qe3 Bxf4 16. Qxf4 Be6 17. Rfe1 c6 18. Na4 Bd5 19. Nc5 b6 20. Na4 b5 21. Nc5
a5 22. Re3 Bxg2 23. Rg3 Bd5 24. Qh6 g6 25. Rh3 Re8 26. Qxh7+ Kf8 27. Qh8+ Ke7
28. Qe5+ Be6 29. Nxe6 Qd6 30. Qxd6+ Kxd6 31. Nf4 1-0

[Event "21st ch-EUR Indiv w 2021"]
[Site "Iasi ROU"]
[Date "2021.08.20"]
[Round "11.21"]
[White "Hoang, Thanh Trang"]
[Black "Fataliyeva, Ulviyya"]
[Result "1-0"]
[WhiteTitle "GM"]
[BlackTitle "WGM"]
[WhiteElo "2404"]
[BlackElo "2253"]
[WhiteFideId "12400149"]
[BlackFideId "13403052"]
[EventDate "2021.08.09"]

1. d4 d5 2. Nf3 e6 3. e3 Nf6 4. Bd3 b6 5. O-O Bd6 6. b3 O-O 7. c4 Bb7 8. Ba3
Nbd7 9. cxd5 exd5 10. Bxd6 cxd6 11. Nc3 a6 12. Rc1 b5 13. Ne2 b4 14. Qc2 Rc8 15.
Qb2 Nb8 16. Bf5 Rc6 17. Nf4 g6 18. Bb1 Qa5 19. Rxc6 Nxc6 20. Rc1 Na7 21. Qd2 Qb6
22. h4 a5 23. a4 Ne4 24. Bxe4 dxe4 25. Nh2 Qd8 26. g3 h6 27. d5 Qd7 28. Qd4 Rc8
29. Rxc8+ Nxc8 30. Qxe4 Ne7 31. Qd4 Qc8 32. e4 Kf8 33. Kg2 Qc5 34. Qf6 Qc3 35.
Qxd6 Qc8 36. Nf3 Ke8 37. Ne5 Qc2 38. Qd7+ Kf8 39. Ne6+ fxe6 40. Qd8+ 1-0

[Event "21st ch-EUR Indiv w 2021"]
[Site "Iasi ROU"]
[Date "2021.08.20"]
[Round "11.22"]
[White "Kulon, Klaudia"]
[Black "Urh, Zala"]
[Result "0-1"]
[WhiteTitle "IM"]
[BlackTitle "WIM"]
[WhiteElo "2363"]
[BlackElo "2216"]
[WhiteFideId "1131044"]
[BlackFideId "14611481"]
[EventDate "2021.08.09"]

1. c4 e5 2. g3 Nf6 3. Bg2 c6 4. d4 e4 5. d5 Bb4+ 6. Bd2 Qe7 7. Nc3 O-O 8. e3 Na6
9. Nge2 Nc5 10. O-O a5 11. a3 Bxc3 12. Bxc3 cxd5 13. cxd5 d6 14. b4 Nd3 15. Bxf6
gxf6 16. Nc3 Bf5 17. Qb3 axb4 18. axb4 Qe5 19. Rad1 Rfc8 20. Nb5 Bd7 21. Nd4 Ba4
22. Qb1 Bxd1 23. Qxd1 h5 24. f4 exf3 25. Qxf3 Ra2 26. Nf5 Rcc2 27. Bh3 Rxh2 28.
Rd1 Rxh3 29. Rxd3 Qb2 0-1

[Event "21st ch-EUR Indiv w 2021"]
[Site "Iasi ROU"]
[Date "2021.08.20"]
[Round "11.23"]
[White "Muetsch, Annmarie"]
[Black "Chernyak, Viktoria"]
[Result "1/2-1/2"]
[WhiteTitle "WIM"]
[BlackTitle "WGM"]
[WhiteElo "2259"]
[BlackElo "2319"]
[WhiteFideId "12971367"]
[BlackFideId "24165956"]
[EventDate "2021.08.09"]

1. e4 e6 2. d4 d5 3. Nd2 c5 4. exd5 Qxd5 5. Ngf3 cxd4 6. Bc4 Qd6 7. O-O Nf6 8.
Nb3 Nc6 9. Nbxd4 Nxd4 10. Nxd4 a6 11. Re1 Be7 12. c3 Qc7 13. Bb3 O-O 14. Qf3 Re8
15. h3 Bd7 16. Bf4 Qb6 17. Be3 Bc5 18. Bg5 e5 19. Bxf6 Qxf6 20. Qxf6 gxf6 21.
Nf3 Bc6 22. Nh4 Red8 23. Rad1 a5 24. a4 Kf8 25. Nf5 Rd7 26. Rxd7 Bxd7 27. Bc2
Bxf5 28. Bxf5 Rd8 29. Re2 Rd1+ 30. Kh2 h6 1/2-1/2

[Event "21st ch-EUR Indiv w 2021"]
[Site "Iasi ROU"]
[Date "2021.08.20"]
[Round "11.24"]
[White "Heinemann, Josefine"]
[Black "Grigorieva, Yulia"]
[Result "1/2-1/2"]
[WhiteTitle "WGM"]
[BlackTitle "WFM"]
[WhiteElo "2296"]
[BlackElo "2140"]
[WhiteFideId "12900460"]
[BlackFideId "34104868"]
[EventDate "2021.08.09"]

1. e4 c5 2. Nf3 d6 3. d4 Nf6 4. Nc3 cxd4 5. Nxd4 a6 6. f3 e5 7. Nb3 Be6 8. Be3
h5 9. Nd5 Bxd5 10. exd5 Nbd7 11. Qd2 g6 12. O-O-O Nb6 13. Kb1 Nbxd5 14. Bg5 Be7
15. g3 Nb6 16. Bxf6 Bxf6 17. Qxd6 Qxd6 18. Rxd6 Bd8 19. Nc5 Rb8 20. Rd1 Be7 21.
Nd3 f6 22. Bg2 Kf7 23. f4 exf4 24. Nxf4 g5 25. Nd5 Nxd5 26. Bxd5+ Kg7 27. Rhe1
Bc5 28. h3 Rhd8 29. g4 h4 30. c3 a5 31. Kc2 Rd7 32. a3 b6 33. Be6 Re7 34. Rd7
Re8 35. Bf5 Kf8 36. Rexe7 Rxe7 37. b4 axb4 38. axb4 Rxd7 39. Bxd7 Bf2 40. Kd3
Ke7 41. Ke4 1/2-1/2

[Event "21st ch-EUR Indiv w 2021"]
[Site "Iasi ROU"]
[Date "2021.08.20"]
[Round "11.25"]
[White "Semenova, Elena1"]
[Black "Agrest, Inna"]
[Result "0-1"]
[WhiteTitle "WIM"]
[BlackTitle "WIM"]
[WhiteElo "2212"]
[BlackElo "2281"]
[WhiteFideId "24125148"]
[BlackFideId "1708830"]
[EventDate "2021.08.09"]

1. e4 e5 2. Nf3 Nc6 3. Nc3 Nf6 4. Bb5 Bd6 5. d3 a6 6. Bc4 O-O 7. a3 Be7 8. Nd5
d6 9. Nxe7+ Qxe7 10. Bg5 Be6 11. Nd2 Nd4 12. O-O h6 13. Bh4 g5 14. Bg3 b5 15.
Ba2 Bxa2 16. Rxa2 Kh7 17. Re1 Rg8 18. Nf1 Rg6 19. Ne3 Qe6 20. Ra1 h5 21. f3 Rag8
22. b4 h4 23. Bf2 g4 24. c3 gxf3 25. Bxh4 Rxg2+ 26. Nxg2 Rxg2+ 27. Kh1 Qh3 28.
Bg3 Rxh2+ 0-1

[Event "21st ch-EUR Indiv w 2021"]
[Site "Iasi ROU"]
[Date "2021.08.20"]
[Round "11.26"]
[White "Efroimski, Marsel"]
[Black "Gajcin, Marina"]
[Result "1-0"]
[WhiteTitle "IM"]
[BlackTitle "WIM"]
[WhiteElo "2446"]
[BlackElo "2219"]
[WhiteFideId "2810964"]
[BlackFideId "949086"]
[EventDate "2021.08.09"]

1. e4 c5 2. Nf3 Nc6 3. d4 cxd4 4. Nxd4 e5 5. Nb5 d6 6. N1c3 a6 7. Na3 Be7 8. Nc4
b5 9. Ne3 Nf6 10. Bd3 O-O 11. O-O Nb4 12. Be2 Be6 13. a3 Nc6 14. Ned5 Nd4 15.
Bd3 Nxd5 16. Nxd5 Bg5 17. Bxg5 Qxg5 18. c3 Nc6 19. a4 Rab8 20. axb5 axb5 21. Nc7
Qe7 22. Nxb5 Rb6 23. b4 Rd8 24. Qe2 d5 25. exd5 Bxd5 26. c4 e4 27. Bb1 Rxb5 28.
cxb5 Nd4 29. Qe3 Qe5 30. Ba2 Nc2 31. Qb6 Rb8 32. Qxb8+ Qxb8 33. Bxd5 1-0

[Event "21st ch-EUR Indiv w 2021"]
[Site "Iasi ROU"]
[Date "2021.08.20"]
[Round "11.27"]
[White "Charochkina, Daria"]
[Black "Gaboyan, Susanna"]
[Result "0-1"]
[WhiteTitle "IM"]
[BlackTitle "WIM"]
[WhiteElo "2340"]
[BlackElo "2215"]
[WhiteFideId "4180917"]
[BlackFideId "13303627"]
[EventDate "2021.08.09"]

1. e4 c5 2. Nc3 Nc6 3. Bb5 Nd4 4. Nf3 e6 5. O-O a6 6. Bd3 Nc6 7. e5 d5 8. exd6
Bxd6 9. Ne4 Be7 10. Re1 Nf6 11. Nxf6+ Bxf6 12. Be4 Qc7 13. d3 b5 14. Bf4 Qb6 15.
Bd6 Bb7 16. Qd2 O-O-O 17. Bg3 Bxb2 18. Rab1 Bf6 19. a4 b4 20. c3 b3 21. Qf4 Na5
22. Nd2 Bxe4 23. Nxe4 Rxd3 24. Nxf6 gxf6 25. Qxf6 Rhd8 26. Qxf7 c4 27. Rxe6 Rd1+
28. Re1 Rxb1 29. Rxb1 Rd7 30. Qf3 Nc6 31. h3 Qc5 32. Re1 Qd5 33. Re8+ Kb7 34.
Qf8 Rd8 35. Rxd8 Nxd8 36. Qe7+ Ka8 37. Qc7 Nc6 38. Qb6 Qd7 39. Qxa6+ Na7 40. Qb6
Qb7 41. Qd8+ Qc8 42. Qd2 Nc6 43. Bf4 Qe6 44. Be3 Qe4 45. Qc1 Ne5 46. Qa3 Nd3 47.
Qd6 b2 48. Qa6+ Kb8 49. Ba7+ Kc7 50. Bb6+ Kd7 51. Qb5+ Qc6 52. Qf5+ Ke8 53. Qh5+
Kf8 54. Qf5+ Kg8 55. Qg5+ Kf7 56. Qh5+ Ke6 57. Qg4+ Kd6 58. Qd4+ Qd5 59. Qf6+
Qe6 60. Qd8+ Qd7 61. Qb8+ Ke6 62. Bd4 Qxa4 63. Qb6+ Kd7 64. Qb7+ Kd6 65. Kh2 Qc6
66. Qb8+ Kd7 67. f4 Qc7 68. Qb5+ Qc6 69. Qb8 Qe4 70. Qb5+ Ke7 71. Qg5+ Kd7 72.
Qb5+ Qc6 73. Qf5+ Kc7 74. Qf7+ Kc8 75. Qf8+ Kb7 76. Qf7+ Qc7 77. Qd5+ Qc6 78.
Qf7+ Qc7 79. Qd5+ Ka6 80. Qa8+ Kb5 81. Qe8+ Qc6 82. Qb8+ Ka4 83. f5 Qb5 84. Qa8+
Kb3 85. f6 Qf5 86. Qf3 Qxf3 87. gxf3 b1=Q 88. f7 Qa2+ 89. Kg3 Qa8 90. Bg7 Qb8+
91. Kg2 Nf4+ 92. Kf1 Ne6 0-1

[Event "21st ch-EUR Indiv w 2021"]
[Site "Iasi ROU"]
[Date "2021.08.20"]
[Round "11.28"]
[White "Rozman, Monika"]
[Black "Mamedjarova, Turkan"]
[Result "0-1"]
[WhiteTitle "WFM"]
[BlackTitle "WGM"]
[WhiteElo "2122"]
[BlackElo "2309"]
[WhiteFideId "14609118"]
[BlackFideId "13402005"]
[EventDate "2021.08.09"]

1. e4 e5 2. Nf3 Nc6 3. Bc4 Nf6 4. d3 h6 5. O-O d6 6. Nc3 Na5 7. Be3 Nxc4 8. dxc4
Be7 9. h3 g5 10. Qd3 Be6 11. c5 O-O 12. Rad1 Qc8 13. Qd2 Nh5 14. h4 Nf4 15. hxg5
hxg5 16. Nh2 Kg7 17. g3 Rh8 18. gxf4 gxf4 19. Bxf4 exf4 20. Qxf4 Rh6 21. Nd5
Bxd5 22. Rxd5 Qh3 23. Rd3 Rg6+ 24. Rg3 Rh8 25. Rxg6+ fxg6 26. Qg3 Qh5 27. Kg2
Qxc5 28. c3 Qc4 29. Qe3 Rxh2+ 30. Kxh2 Qxf1 31. Qxa7 Bf6 0-1